Delitos ambientales /

Guardado en:
Autor Principal: Palacios de Battistone, Claudia R.
Otros Autores: Laje Anaya, Justo.
Formato: Libro
Idioma:Spanish
Publicado: Córdoba : Francisco Ferreyra, 2000.
Edición:1a. ed.
Materias:
Etiquetas: Agregar Etiqueta
Sin Etiquetas, Sea el primero en etiquetar este registro!
LEADER 00525nam a22001575a 4500
001 DER.der014605
008 200304s2000####sp############000#0#spa#d
005 20251218132149.0
245 1 0 |a Delitos ambientales /  |c Claudia R. Palacios de Battistone ; prólogo del Dr. Justo Laje Anaya. 
250 |a 1a. ed. 
260 |a Córdoba :  |b Francisco Ferreyra,  |c 2000. 
300 |a 358p. 
100 1 |a Palacios de Battistone, Claudia R. 
700 1 |a Laje Anaya, Justo. 
650 7 |a DERECHO AMBIENTAL 
859 |a DERECHO  |b BIB. DERECHO  |h 346.044  |i PAL  |p 009903